Piaristen und Schulwesen, Wissenschaft, Kunst in Mitteleuropa im 17.-19. Jahrhundert Konferenzbericht (Svätý Jur, 30.9.-2.10.2010)

Bibliographic Details
Other Authors: Kačic, Ladislav, 1951-2024 (Editor)
Format: Book
Language:German
Slovak
PhysicalDescription:231 s. fotogr., noty, tab. 23 cm
Published: Bratislava Slavistický ústav Jána Stanislava SAV Slovenský komitét slavistov 2012
ISBN:9788089489060 (brož.)
Edition:[1. vyd.]
Subjects:

MARC

LEADER 00000cam a2200000 a 4500
001 vtls010496208
003 SK-MaSNL
005 20260301053921.0
008 160610s2012 xo ago f 100 0 ger
015 |a SNBA2013/05 
020 |a 9788089489060 (brož.) 
035 |a 1BA16F64-5893-4E1F-9EEB-6301459E195E 
035 |a urn:nbn:sk:snk-aml4d1 
035 |a urn:nbn:sk:snk-am008wsf 
040 |a SNK  |b slo  |c SNK  |e AACR2 
041 0 |a ger  |a slo 
043 |a ec----- 
044 |a xo  |c SK 
072 7 |a 27-78  |x Kresťanské združenia, spolky a organizácie. Rehoľné rády  |2 konspekt 
072 7 |a 930.85  |x Dejiny civilizácie. Kultúrne dejiny  |2 konspekt 
080 |a 371  |2 2001 
080 |a 72/76  |2 2001 
080 |a 27-789  |2 2001 
080 |a 930.85  |2 2001 
080 |a 27-9  |2 2001 
080 |a 001  |2 2001 
080 |a 27-789.9  |2 2001 
080 |a (062.534)  |2 2001 
080 |a (4-191.2)  |2 2001 
245 0 0 |a Piaristen und Schulwesen, Wissenschaft, Kunst in Mitteleuropa im 17.-19. Jahrhundert  |b Konferenzbericht (Svätý Jur, 30.9.-2.10.2010)  |c Editor/herausgegeben von Ladislav Kačic 
250 |a [1. vyd.] 
260 |a Bratislava  |b Slavistický ústav Jána Stanislava SAV  |b Slovenský komitét slavistov  |c 2012 
300 |a 231 s.  |b fotogr., noty, tab.  |c 23 cm 
500 |a Súbež. úvod slov. 
504 |a Bibliogr. odkazy. Pozn. 
648 7 |a 17.-19. stor.  |2 SNKPH  |9 279495 
648 7 |a 17th-19th centuries  |2 SNKPHeng  |9 337567 
650 0 7 |a školstvo  |2 SNKPH  |9 19712 
650 0 7 |a rehoľné rády  |2 SNKPH  |9 67509 
650 0 7 |a umenie  |2 SNKPH  |9 1060 
650 0 7 |a cirkevné dejiny  |2 SNKPH  |9 3909 
650 0 7 |a kultúrne dejiny  |2 SNKPH  |9 4307 
650 0 7 |a Education  |2 SNKPHeng  |9 265320 
650 0 7 |a veda  |2 SNKPH  |9 1599 
650 0 7 |a piaristi  |2 SNKPH  |9 107197 
650 0 7 |a Science  |2 SNKPH  |9 265845 
650 0 7 |a Art  |2 SNKPHeng  |9 266209 
650 0 7 |a Church history  |2 SNKPHeng  |9 266918 
650 0 7 |a Monastic orders  |2 SNKPHeng  |9 303033 
650 0 7 |a Piarists  |2 SNKPHeng  |9 334835 
650 0 7 |a Cultural history  |2 SNKPHeng  |9 267439 
651 7 |a Európa stredná  |2 SNKPH  |9 23970 
651 7 |a Europe, Central  |2 SNKPHeng  |9 98219 
655 7 |a zborníky konferencií  |2 SNKPH  |9 70153 
655 7 |a Proceedings of conferences  |2 SNKPHeng  |9 265791 
700 1 |a Kačic, Ladislav,  |d 1951-2024  |4 edt  |9 92943 
852 |a Štátna vedecká knižnica v Banskej Bystrici 
919 |a 978-80-89489-06-0 
958 |a NB 
958 |a DE 
958 |a NT 
999 |c 609608  |d 611538 
952 |a SNK  |b SNK  |y PREZ  |7 0  |p 17A1067937  |o snkSC 154072  |i snk2013/8827  |8 0  |0 0  |1 0  |4 0  |d 2013-04-18  |f 1  |l 0  |r 2025-07-24 00:00:00  |w 2026-02-23 
952 |a SNK  |b SNK  |y VYP  |7 0  |p 17A1067936  |o snkSC 154072 D1  |i snk2013/8828  |8 0  |0 0  |1 0  |4 0  |d 2013-04-18  |l 0  |r 2026-02-23 16:19:40  |w 2026-02-23